000 00333 a2200169 4500
001 161333
020 _a85-08-01554-2
040 _cMagnum
100 _aMasur, Jandira
240 1 0 _aPorquês
_lpor
245 1 0 _aPorquês
300 _a24
362 0 _a1991
440 1 _aÁtica
697 _aLITERATURA INFANTIL
942 _cBK
999 _c161333
_d161333